Manual of travel agency practice

Uloženo v:
Podrobná bibliografie
Hlavní autor: Syratt, Gwenda
Médium: Kniha
Jazyk:Undetermined
Vydáno: Boston, MA Butterworth-Heinemann 2003
Témata:
Tagy: Přidat tag
Žádné tagy, Buďte první, kdo otaguje tento záznam!
Thư viện lưu trữ: Trung tâm Học liệu Trường Đại học Cần Thơ
LEADER 00531nam a2200193Ia 4500
001 CTU_106089
008 210402s9999 xx 000 0 und d
020 |c 623121 
082 |a 910.68 
082 |b S995 
100 |a Syratt, Gwenda 
245 0 |a Manual of travel agency practice 
245 0 |c Gwenda Syratt, Jane Archer 
260 |a Boston, MA 
260 |b Butterworth-Heinemann 
260 |c 2003 
650 |a Travel agents 
904 |i Minh (Nguyên sửa) 
980 |a Trung tâm Học liệu Trường Đại học Cần Thơ